| 000 | 01383cam a2200145 4500500 | ||
|---|---|---|---|
| 005 | 20260329023201.0 | ||
| 041 | _afre | ||
| 042 | _adc | ||
| 100 | 1 | 0 |
_aBuresi, Pascal _eauthor |
| 700 | 1 | 0 |
_aGhouirgate, Mehdi _eauthor |
| 245 | 0 | 0 | _aHistoire du Maghreb médiéval : XIe-XVe siècle |
| 260 |
_bArmand Colin,
_c2021. |
||
| 520 | _aPour la première fois de l’histoire, le Maghreb fait l’expérience, au cours des XIe-XVe siècles, d’une union politique sous l’égide des populations locales : les Berbères. S’inspirant des dynasties arabes musulmanes qui les ont précédés, les Almohades étendent leur emprise de l’Atlantique à la Tripolitaine, du Sahara jusqu’au centre de la péninsule Ibérique. Cet épisode marque une étape fondamentale du processus d’arabisation et d’islamisation des sociétés du Maghreb ; on assiste alors à la diffusion du concept d’État, territorial et supra-tribal, préalable à l’évolution ultérieure. Pascal Buresi et Mehdi Ghouirgate présentent d’abord en dix « chapitres » le cadre événementiel et politique, puis ils insistent sur dix « points d’histoire ». Enfin, divers auteurs analysent une dizaine de documents iconographiques, emblématiques de cette période fascinante. | ||
| 856 | 4 | 1 | _uhttps://shs.cairn.info/histoire-du-maghreb-medieval--9782200629823?lang=fr&redirect-ssocas=7080 |
| 999 |
_c1925320 _d1925320 |
||